• 首页
  • 本馆介绍
  • 公告通知
  • 最新文献
  • 馆藏检索
  • 电子资源
  • 读者导购
  • 参考咨询
  • 我的图书馆
  • 登录
  • 详细信息显示
  • 放入我的书架
  • 预约/预借图书
  • 作者相关作品
  • 分类相关作品
  • 丛书相关作品
  • 出版社相关作品

书目信息

  • 表格格式
  • 工作单格式
  • 卡片格式
题名:
职场小白 脱菜手册
    
 
作者: 鲍尔 , 克尔 著 ;戴薇 著
分册:  
出版信息: 南京   江苏凤凰文艺出版社  2016
页数: 196页
开本: 24cm
丛书名:
单 册:
中图分类: C913.2
科图分类:
主题词: 职业--zhi ye--成功心理--通俗读物
电子资源:
ISBN: 978-7-5399-9721-6
000 01172nam0 22002771 450
001 1730246189
005 20170525101417.0
010    @a978-7-5399-9721-6@dCNY38.00
100    @a20161108d2016 em y0chiy50 ea
101 1  @achi@ceng
102    @aCN@b320000
105    @ay z 000yy
106    @ar
200 1  @a职场小白 脱菜手册@Azhi chang xiao bai tuo cai shou ce@e萌妹子初入职场必知的17个逆袭密码@dThe career code@f(美)凯瑟琳·鲍尔,(美)希拉里·克尔著@g戴薇译@zeng
210    @a南京@c江苏凤凰文艺出版社@d2016
215    @a196页@d24cm
330    @a本书内容包括:简历决定五年薪水,写对了就是印钞;用好社交媒体,借力打力;积极主动,菜鸟也能逆袭;沟通顺利的时候,情商报表;悄悄告诉你,该如何积累人脉;量化你的价值,增加谈判筹码等。
510 1  @aCareer code@zeng
517 1  @a萌妹子初入职场必知的17个逆袭密码@Ameng mei zi chu ru zhi chang bi zhi de 17ge ni xi mi ma
606 0  @a职业@Azhi ye@x成功心理@j通俗读物
690    @aC913.2@v5
701  0 @c(美)@a鲍尔@Abao er@c(女,Power, Katherine)@4著
701  0 @c(美)@a克尔@Ake er@c(女,Kerr, Hillary)@4著
702  0 @a戴薇@Adai wei@4著
801  0 @aCN@bTANG WEI@c20170510
905    @b0967820-3@dC913.2@e1020@f4
    
    职场小白 脱菜手册:萌妹子初入职场必知的17个逆袭密码=The career code/(美)凯瑟琳·鲍尔,(美)希拉里·克尔著/戴薇译.-南京:江苏凤凰文艺出版社,2016
    196页;24cm
    
    
    ISBN 978-7-5399-9721-6:CNY38.00
    本书内容包括:简历决定五年薪水,写对了就是印钞;用好社交媒体,借力打力;积极主动,菜鸟也能逆袭;沟通顺利的时候,情商报表;悄悄告诉你,该如何积累人脉;量化你的价值,增加谈判筹码等。
●
相关链接 在E读中查询图书 在五车中查询图书 在当当中查询图书 在豆瓣中查询图书


正题名:职场小白 脱菜手册     索取号:C913.2/1020         预约/预借

序号 登录号 条形码 馆藏地/架位号 状态 备注
1 0967820   209678204   第一样本阅览室/ [索取号:C913.2/1020] 在馆    
2 0967821   209678213   第一借阅区/ [索取号:C913.2/1020] 在馆    
3 0967822   209678222   第一借阅区/ [索取号:C913.2/1020] 在馆    
4 0967823   209678231   第一借阅区/ [索取号:C913.2/1020] 在馆    
唐山师范学院图书馆 欢迎您!
大连网信软件有限公司© 版权所有